Gloomiest World Capitals - Statistics

General Stats
  • This quiz has been taken 70 times
  • The average score is 12 of 18
Answer Stats
Hours Continent Capital % Correct
1,633 Europe London
89%
1,626 Europe Berlin
85%
1,668 Europe Oslo
85%
1,662 Europe Amsterdam
84%
1,546 Europe Brussels
84%
1,447 Europe Dublin
82%
1,662 Europe Paris
82%
1,312 Europe Reykjavik
78%
1,230 South America Lima
73%
1,619 Europe Warsaw
71%
1,328 South America Bogota
69%
1,682 Europe Bern
67%
1,668 Europe Prague
62%
1,588 Europe Vilnius
55%
1,466 Asia Hanoi
33%
1,405 Asia Taipei
31%
1,662 Africa Monrovia
22%
1,020 Africa Malabo
18%
No matching quizzes found
Score Distribution
Percent of People with Each Score
Percentile by Number Answered
Your Score History
You have not taken this quiz